000
00422nam a2200145Ia 4500
008
100122s9999 xx 000 0 und d
082
_b
19500
_a
823.08
100
_a
मंत्री रमेश
245
_a
कागदी वाघ
260
_b
आनंद अनंत अंतरकर
_c
1973
300
_a
176
630
_a
कागदी वाघ
730
_a
कागदी वाघ
942
_c
BOOK
999
_c
408512
_d
408509